Music Quiz

Random Music or Song Quiz

Every UK One Hit Wonder (clips) Quiz Stats

 Plays Quiz not verified by Sporcle

Score 0/53 Timer 18:00
0 Plays Today
Time Song % Correct
01:23 - 01:30Spirit in the Sky
82.8%
03:23 - 03:31Mad World
80.4%
00:42 - 00:49Somebody That I Used to Know
79.6%
00:08 - 00:16The Ketchup Song
76.2%
03:15 - 03:22Heaven
75.1%
00:30 - 00:37Against All Odds (Take a Look at Me Now)
66.9%
04:16 - 04:23Sugar Sugar
65.7%
03:51 - 03:56(Barry) Islands in the Stream
59.1%
03:38 - 03:43Fire
44%
00:57 - 01:03The JCB Song
43.1%
04:58 - 05:05Baby Cakes
39.1%
02:02 - 02:08Do You Really Like It?
38.3%
02:09 - 02:16Suicide Is Painless
36.7%
01:14 - 01:22Michelle
35.8%
04:24 - 04:32We No Speak Americano
34%
02:23 - 02:30Are 'Friends' Electric?
30.9%
02:58 - 03:05Grandad
28.3%
06:34 - 06:41Ring My Bell
28.2%
00:38 - 00:41Shaddap You Face
27.9%
00:17 - 00:23Everybody's Free (To Wear Sunscreen)
27%
00:00 - 00:07Flat Beat
26.2%
06:48 - 06:56Teletubbies say Eh-oh!
25.8%
03:44 - 03:50There's No-one Quite Like Grandma
24.6%
06:04 - 06:14Move Closer
23.8%
05:49 - 05:57F.U.R.B. (F**k You Right Back)
22%
01:39 - 01:47Bom Bom
21.7%
02:31 - 02:39In the Year 2525 (Exordium and Terminus)
21.4%
Time Song % Correct
03:32 - 03:37Uptown Top Ranking
21.4%
04:40 - 04:50Pump Up the Volume
20.8%
02:48 - 02:57First Time
19.1%
06:42 - 06:47Wand'rin' Star
18.3%
00:24 - 00:29Barbados
17.2%
02:40 - 02:47Loca People
17%
01:55 - 02:01Matchstalk Men and Matchstalk Cats and Dogs
15.5%
05:23 - 05:31Eye Level
14.7%
06:15 - 06:22Doop
14.7%
01:31 - 01:38I've Never Been to Me
13.3%
05:15 - 05:22Tell Laura I Love Her
12.8%
00:50 - 00:56Turtle Power
12.5%
05:40 - 05:48Float On
11.9%
06:23 - 06:33Je t'aime... moi non plus
11.7%
04:33 - 04:39Look Right Through
11.1%
04:08 - 04:15No Charge
11%
03:06 - 03:14One Day at a Time
10.9%
06:57 - 07:05Woodstock
10.7%
05:06 - 05:14Together We Are Beautiful
10.6%
05:32 - 05:39Nut Rocker
8.2%
04:51 - 04:57Touch Me
6.9%
02:17 - 02:22When
6.3%
05:58 - 06:03Here Comes Summer
5.3%
01:48 - 01:54The Stonk
5%
03:57 - 04:07Little Things Mean a Lot
2.9%
01:04 - 01:13It's Almost Tomorrow
2.8%

You're not logged in!

Compare scores with friends on all Sporcle quizzes.
OR
Log In

Show Comments

Extras

Top Quizzes Today


Score Distribution

Your Account Isn't Verified!

In order to create a playlist on Sporcle, you need to verify the email address you used during registration. Go to your Sporcle Settings to finish the process.

Report this User

Report this user for behavior that violates our Community Guidelines.

Details: